00672 2200193 4500001002100000005001500021035002000036245013800056100001700194250001200211300005800223856002200281700007900303260004200382082000800424084001400432020002200446600001000468INLIS00000000114810120260330015315 a0010-03260006121 aS.M.A.S.H :bBased on True Story /cPenulis; Maia Rosyida, Editor; Tim Sheila, Setting; Binudi, Desain Cover; Yisar, Korektor; Andong0 aMaia Rosyida aEdisi 1 aviii, 344 halaman :bIlustrasi ;c14 x 21 cmeKertas aPerpustakaan Umum0 aEditor; Tim Sheila, Setting; Binudi, Desain Cover; Yisar, Korektor; Andong aYogyakarta :bSheila Publisher,c2014 a813 a813 MAI s a978-979-29-5043-4 4aFiksi